Score 0/24 Timer 09:00
0 Plays Today
% Correct
One Flew Over the Cuckoo's Nest (#33)
89.6%
Rocky (#57)
89.4%
The Godfather Part II (#32)
87.4%
Star Wars Episode IV: A New Hope (#13)
85.1%
Schindler's List (#8)
84.7%
Unforgiven (#68)
84.2%
Gone With the Wind (#6)
79.2%
Vertigo (#9)
78.9%
The Sixth Sense (#89)
78.2%
Lawrence of Arabia (#7)
73.3%
Raging Bull (#4)
70.7%
Pulp Fiction (#94)
67.5%
% Correct
It's a Wonderful Life (#20)
66.4%
Titanic (#83)
66.3%
Forrest Gump (#76)
59.4%
2001: A Space Odyssey (#15)
57.1%
Ben-Hur (#100)
57%
The Graduate (#17)
56.8%
Saving Private Ryan (#71)
50.9%
Bonnie and Clyde (#42)
43.8%
Jaws (#56)
41.8%
Raiders of the Lost Ark (#66)
40.6%
West Side Story (#51)
39.5%
To Kill a Mockingbird (#25)
32.1%
Remove Ads.
Support Sporcle.
Get the best of Sporcle when you Go Orange. This ad-free experience offers more features, more stats, and more fun while also helping to support Sporcle. Thank you for becoming a member.

You're not logged in!

Compare scores with friends on all Sporcle quizzes.
OR
Log In

Show Comments

Extras

Top Quizzes Today


Score Distribution

Your Account Isn't Verified!

In order to create a playlist on Sporcle, you need to verify the email address you used during registration. Go to your Sporcle Settings to finish the process.

Report this User

Report this user for behavior that violates our Community Guidelines.

Details: